00379pam a2200133a 44500008004100000020002300041082001500064100002000079245007400099260003200173300001000205906001100215999001900226230405s2006 xxu||||| |||| 00| 0 eng d a8180618137cRs.295 a618.2bMAD aMadhuri, G. B.  aTextbook of Physiotherapy for Obstetrics and Gynecological Conditions aNew DelhibJaypee Pubc2006 a191 p a000705 c249472d249472